| 000 | 01313nam a22003857a 4500 | ||
|---|---|---|---|
| 999 |
_c110 _d110 |
||
| 003 | AR-CdUCM | ||
| 008 | 190221b ||||| |||| 00| 0 spa d | ||
| 040 |
_aMUNICIPALIDAD PROVINCIAL DEL CUSCO _cBIBLIOTECA MUNICIPAL DEL CUSCO |
||
| 082 |
_a869.5 / _bC1 |
||
| 110 |
_aAsociación Centro Cultural Cusco _9526 |
||
| 245 |
_aLiteratura y Sociedad : _bColoquio / _cAsociacion Centro Cultural Cusco |
||
| 260 |
_aCusco : _bOccidental Petroleum Cororation of Peru, _c1993. |
||
| 300 |
_a201 paginas ; _c21 cm. _bFotografías ; |
||
| 650 |
_aColoquio. _9527 |
||
| 650 |
_aLiteratura. _983 |
||
| 650 |
_aEscritores peruanos contemporáneos. _9528 |
||
| 650 |
_aReseñas biográficas. _9529 |
||
| 650 |
_aCuentos. _9217 |
||
| 650 |
_aPoesía. _9139 |
||
| 700 |
_aFernando Ampuero. _9530 |
||
| 700 |
_aAntonio Cisneros. _9531 |
||
| 700 |
_aAlonso Cueto. _9532 |
||
| 700 |
_aOdi Gonzales. _9533 |
||
| 700 |
_aMirko Lauer. _9534 |
||
| 700 |
_aLuis Nieto Degregori. _9535 |
||
| 700 |
_aGuillermo Niño de Guzmán. _9536 |
||
| 700 |
_aGiovanna Pollarolo. _9537 |
||
| 700 |
_aJulio Ramón Ribeyro. _9538 |
||
| 700 |
_aEnrique Rozas Paravicino. _9539 |
||
| 700 |
_aAbelardo Sánchez León. _9540 |
||
| 700 |
_aRocío Silva _9541 |
||
| 700 |
_aRafael Sender. _9542 |
||
| 942 |
_2ddc _cLIBROS |
||
| 945 |
_artm _d2019-02-21 |
||